| 000 | 00388cam a2200169 4500 | ||
|---|---|---|---|
| 001 | D13177 | ||
| 008 | 090401t1926 xxu||||| |||| 00| 0 eng d | ||
| 035 | _a(Sirsi) u8189 | ||
| 041 | _aeng | ||
| 100 | _aKonstam, E.M. | ||
| 245 | 4 | _aThe Rating and Valuation Act 1925 | |
| 260 |
_aLondon _bButterworth _c1926 |
||
| 350 | _a0 | ||
| 520 | _aShelf 117 | ||
| 942 | _n0 | ||
| 948 | _c04/03/1997 | ||
| 999 |
_c86494 _d86494 |
||